| 000 | 01013cai a22001815a 4500 | ||
|---|---|---|---|
| 001 | L140003 | ||
| 008 | 070829u xxko g 000 0 eng d | ||
| 035 | _a(Sirsi) u140003 | ||
| 041 | 0 | _aeng | |
| 110 | 2 |
_aAsia Property Report _95331 |
|
| 245 | 0 | 0 |
_aAsia property report _bthe region's real estate portal _h[electronic resource] |
| 520 | _aReports current residential and commercial property news across the Asia region. Covers market trends, major developments and financial indices. Also provides listings and search services. These relate to land and property for sale in various countries across the region. Access to listings regarding property related services are also provided. Service and property searches in some countries can be broken down by region. Registration is required to add to the listings. | ||
| 590 | _aKA | ||
| 651 | 4 | _aAsia | |
| 690 | _aPROPERTY-PROPERTY MARKET | ||
| 856 | 4 | 0 |
_uhttps://www.property-report.com _zView the website free of charge at www.property-report.com... |
| 942 | _n0 | ||
| 999 |
_c120618 _d120618 |
||